000 00508nam a2200193Ia 4500
005 20250423095648.0
008 250422s9999 xx 000 0 und d
020 _a9780123821843
050 _aQP 251 .J66/
100 _aJones, Richard E.
245 0 _aHuman Reproductive Biology.
250 _a4th ed.
260 _aLondon
260 _bAcademic press
260 _c2014
300 _a381 p
650 _a Human reproduction. Sex. Reproduction--physiology. Sexual Behavior.
942 _cBK
999 _c30952
_d30952